[Event "GRE-chT 32nd"]
[Site "Kallithea"]
[Date "2003.07.06"]
[Round "3"]
[White "Koumanis, Stamatis"]
[Black "Tsivelekidis, Georgios"]
[Result "0-1"]
[WhiteElo "2157"]
[BlackElo "2116"]
[PlyCount "104"]
[EventDate "2003.07.04"]
[EventType "team-tourn"]
[EventRounds "9"]
[EventCountry "GRE"]
[SourceTitle "CBM 095 Extra"]
[Source "ChessBase"]
[SourceDate "2003.09.04"]
[SourceVersion "1"]
[SourceVersionDate "2003.09.04"]
[SourceQuality "1"]

1. e4 c5 2. Nc3 Nc6 3. g3 g6 4. Bg2 Bg7 5. d3 d6 6. f4 e6 7. Nf3 Nge7 8. 0-0 0-0 9. Be3 Nd4 10. Qd2 Nec6 11. Nh4 Rb8 12. Nd1 f5 13. c3 Nb5 14. Nf2 Bd7 15. Rfe1 b6 16. Nf3 Nc7 17. d4 Na5 18. b3 Bc6 19. exf5 exf5 20. c4 Bxf3 21. Bxf3 d5 22. dxc5 d4 23. Rad1 dxe3 24. Qxe3 Qe8 25. Qe7 Qxe7 26. Rxe7 Rbc8 27. Rdd7 Ne8 28. Bd5+ Kh8 29. Rxa7 Nc6 30. Bxc6 Rxc6 31. cxb6 Rxb6 32. Nd3 Bd4+ 33. Kf1 Re6 34. Rxh7+ Kg8 35. Rhe7 Rxe7 36. Rxe7 Nf6 37. Ne5 Ra8 38. Nxg6 Rxa2 39. Rb7 Ne4 40. Ne7+ Kf8 41. Nxf5 Rf2+ 42. Ke1 Bc3+ 43. Kd1 Nc5 44. Rb8+ Kf7 45. Rd8 Nxb3 46. Ne3 Nd4 47. Rd7+ Ke8 48. Rb7 Rxh2 49. Rb8+ Kd7 50. Kc1 Bd2+ 51. Kb2 Bxe3+ 52. Ka3 Bc1+ 0-1

[Event "White Tower op 6th"]
[Site "Thessaloniki"]
[Date "2002.12.29"]
[Round "9.9"]
[White "Karagiannis, Athanasios"]
[Black "Tsivelekidis, Georgios"]
[Result "1-0"]
[WhiteElo "2396"]
[BlackElo "2119"]
[PlyCount "51"]
[EventDate "2002.12.21"]
[EventType "swiss"]
[EventRounds "9"]
[EventCountry "GRE"]
[SourceTitle "EXT 2004"]
[Source "ChessBase"]
[SourceDate "2003.11.25"]
[SourceVersion "1"]
[SourceVersionDate "2003.11.25"]
[SourceQuality "1"]

1. d4 Nf6 2. c4 e6 3. Nf3 b6 4. e3 Bb7 5. Bd3 c5 6. 0-0 Be7 7. Nc3 0-0 8. d5 exd5 9. cxd5 d6 10. e4 Ba6 11. Bxa6 Nxa6 12. Re1 Nc7 13. a4 a6 14. Qd3 Re8 15. h3 Bf8 16. Bg5 Rb8 17. e5 dxe5 18. Nxe5 Qd6 19. Bxf6 Qxf6 20. Nd7 Qd4 21. Qg3 Rxe1+ 22. Rxe1 Re8 23. Rxe8 Nxe8 24. Qb8 Qd2 25. Qxe8 Qc1+ 26. Nd1 1-0

[Event "Chania op 10th"]
[Site "Chania"]
[Date "2000.08.05"]
[Round "4"]
[White "Tsivelekidis, Georgios"]
[Black "Bagaturov, Giorgi"]
[Result "0-1"]
[WhiteElo "2117"]
[BlackElo "2501"]
[PlyCount "64"]
[EventDate "2000.08.03"]
[EventType "swiss"]
[EventRounds "9"]
[EventCountry "GRE"]
[SourceTitle "EXT 2001"]
[Source "ChessBase"]
[SourceDate "2000.11.22"]
[SourceVersion "1"]
[SourceVersionDate "2000.11.22"]
[SourceQuality "1"]

1. c4 g6 2. Nc3 Bg7 3. d4 Nf6 4. e4 d6 5. f4 0-0 6. Nf3 c5 7. d5 e6 8. Be2 exd5 9. cxd5 Re8 10. e5 dxe5 11. fxe5 Ng4 12. Bg5 Qb6 13. 0-0 Nxe5 14. d6 Bf5 15. Nd5 Qxb2 16. Nc7 Nbd7 17. Rc1 Rac8 18. Nxe8 Rxe8 19. a4 a6 20. Nxe5 Nxe5 21. Be7 Nc6 22. Kh1 Nxe7 23. dxe7 Bd4 24. Rxf5 gxf5 25. Rb1 Qa2 26. Rxb7 Qe6 27. Bd3 a5 28. Qe2 Bf6 29. Qf2 Bxe7 30. Qxf5 Qxf5 31. Bxf5 c4 32. Rc7 Bd8 0-1

[Event "Korinthos op 3rd"]
[Site "Korinthos"]
[Date "1999.07.25"]
[Round "2"]
[White "Kapnisis, Spyridon"]
[Black "Tsivelekidis, Georgios"]
[Result "1-0"]
[WhiteElo "2324"]
[BlackElo "2083"]
[PlyCount "49"]
[EventDate "1999.07.27"]
[EventType "swiss"]
[EventRounds "9"]
[EventCountry "GRE"]
[SourceTitle "EXT 2000"]
[Source "ChessBase"]
[SourceDate "1999.11.16"]
[SourceVersion "1"]
[SourceVersionDate "1999.11.16"]
[SourceQuality "1"]

1. e4 c5 2. Nf3 e6 3. d4 cxd4 4. Nxd4 Nf6 5. Nc3 d6 6. Be3 a6 7. f3 b5 8. g4 Be7 9. Qd2 Bb7 10. 0-0-0 Qc7 11. Kb1 b4 12. Nce2 d5 13. g5 Nfd7 14. exd5 Bxd5 15. Nf4 Bc4 16. Bh3 e5 17. Nf5 exf4 18. Bxf4 Qa5 19. b3 Be6 20. Nxg7+ Kf8 21. Bxe6 fxe6 22. Nxe6+ Kf7 23. Qd4 Ne5 24. Bxe5 Nc6 25. Qf4+ 1-0

[Event "Ano Liosia op 10th"]
[Site "Athens"]
[Date "1999.??.??"]
[Round "2"]
[White "Tsivelekidis, Georgios"]
[Black "Skembris, Spyridon"]
[Result "0-1"]
[WhiteElo "2080"]
[BlackElo "2445"]
[PlyCount "88"]
[EventDate "1999.01.02"]
[EventType "swiss"]
[EventRounds "9"]
[EventCountry "GRE"]
[SourceTitle "EXT 2000"]
[Source "ChessBase"]
[SourceDate "1999.11.16"]
[SourceVersion "1"]
[SourceVersionDate "1999.11.16"]
[SourceQuality "1"]

1. c4 e5 2. Nc3 Nf6 3. g3 d5 4. cxd5 Nxd5 5. Bg2 Nb6 6. Nf3 Nc6 7. 0-0 Be7 8. d3 0-0 9. a3 Be6 10. Be3 Nd5 11. Nxd5 Bxd5 12. Rc1 Re8 13. Qa4 a6 14. Rfd1 Bf6 15. b4 Nd4 16. Bxd4 exd4 17. Qc2 c6 18. Kf1 a5 19. Ra1 Qe7 20. Qb2 Ra6 21. Nxd4 Bxg2+ 22. Kxg2 Rb6 23. Qc3 axb4 24. axb4 Rxb4 25. Nf5 Bxc3 26. Nxe7+ Kf8 27. Rac1 Bb2 28. Nxc6 bxc6 29. Rxc6 Rxe2 30. Kf3 Re6 31. Rc7 Bd4 32. Rd2 g6 33. Rcc2 Rb1 34. Re2 Rxe2 35. Rxe2 Rb2 36. Rxb2 Bxb2 37. Ke4 Ke7 38. g4 Ke6 39. g5 Bc1 40. f4 Bd2 41. d4 Bc1 42. h4 Bd2 43. d5+ Kd6 44. f5 Be1 0-1

[Event "Kavala op 08th"]
[Site "Kavala"]
[Date "1998.08.14"]
[Round "4"]
[White "Aftsoglou, Ioannis"]
[Black "Tsivelekidis, Georgios"]
[Result "0-1"]
[WhiteElo "2270"]
[BlackElo "2045"]
[PlyCount "138"]
[EventDate "1998.08.??"]
[EventType "swiss"]
[EventRounds "9"]
[EventCountry "GRE"]
[SourceTitle "EXT 2004"]
[Source "ChessBase"]
[SourceDate "2003.11.25"]
[SourceVersion "1"]
[SourceVersionDate "2003.11.25"]
[SourceQuality "1"]

1. Nf3 Nf6 2. c4 b6 3. Nc3 Bb7 4. d3 e6 5. e4 d6 6. Be2 Nbd7 7. 0-0 c5 8. a3 Be7 9. h3 a6 10. Bf4 Qc7 11. Bh2 0-0 12. Nd2 Nb8 13. f4 Nc6 14. f5 Nd4 15. g4 Nd7 16. Nf3 Nxf3+ 17. Bxf3 Ne5 18. Bg2 Bg5 19. Qe2 Qe7 20. Rad1 Nc6 21. Kh1 Nd4 22. Qf2 Bf6 23. Bg3 Rad8 24. Rde1 b5 25. h4 h6 26. Ne2 Nxe2 27. Rxe2 Rfe8 28. Qe1 exf5 29. gxf5 Be5 30. b3 Bxg3 31. Qxg3 Qe5 32. Qg4 Qf6 33. Bf3 Kh8 34. Rg1 Bc6 35. Reg2 Rg8 36. Qh5 bxc4 37. bxc4 Rb8 38. Qg4 Rb3 39. Be2 Rxa3 40. Qf4 Ra1 41. Bf1 Kh7 42. h5 Rb1 43. Kh2 Rb2 44. Be2 Qe5 45. Qxe5 dxe5 46. Ra1 Bb7 47. Ra5 Rc8 48. Kg3 Rb6 49. Rf2 Rc7 50. Bg4 Rb3 51. Be2 Bxe4 52. f6 Bxd3 53. Rf3 e4 54. Bxd3 Rxd3 55. Rxd3 exd3 56. Rxa6 Rd7 57. Ra1 gxf6 58. Kf3 Rd4 59. Rd1 f5 60. Ke3 Kg7 61. Kd2 Rxc4 62. Rf1 Rd4 63. Rxf5 c4 64. Rf1 f6 65. Kc3 Re4 66. Rg1+ Kf7 67. Rg3 Ke6 68. Rg8 Kf5 69. Rg3 Rg4 0-1

[Event "Korinthos op 2nd"]
[Site "Korinthos"]
[Date "1998.??.??"]
[Round "4"]
[White "Tsivelekidis, Georgios"]
[Black "Miladinovic, Igor"]
[Result "1-0"]
[WhiteElo "2055"]
[BlackElo "2565"]
[PlyCount "89"]
[EventDate "1998.07.20"]
[EventType "swiss"]
[EventRounds "9"]
[EventCountry "GRE"]
[SourceTitle "EXT 1999"]
[Source "ChessBase"]
[SourceDate "1998.11.16"]
[SourceVersion "1"]
[SourceVersionDate "1998.11.16"]
[SourceQuality "1"]

1. c4 Nc6 2. Nc3 Nf6 3. g3 e5 4. Bg2 g6 5. Nf3 Bg7 6. d4 d6 7. dxe5 Nxe5 8. Nxe5 dxe5 9. Qxd8+ Kxd8 10. 0-0 c6 11. b3 Kc7 12. Ba3 Bf5 13. Rad1 Rhd8 14. Be7 Rd7 15. Rxd7+ Nxd7 16. Rd1 Bf8 17. Bxf8 Rxf8 18. Ne4 Bxe4 19. Bxe4 f5 20. Bb1 a5 21. h4 Nc5 22. Kg2 Ne6 23. Kf3 Nd4+ 24. Ke3 c5 25. Rd2 f4+ 26. gxf4 exf4+ 27. Ke4 h6 28. e3 fxe3 29. Kxe3 Rf3+ 30. Ke4 g5 31. hxg5 hxg5 32. Ke5 Rf8 33. Ke4 Kd6 34. Ke3 Rf3+ 35. Ke4 Rf4+ 36. Kd3 Ke5 37. Kc3 Rf3+ 38. Kb2 g4 39. Bh7 Rh3 40. Bg8 Rh2 41. Kc3 b6 42. f4+ Kxf4 43. Rxh2 Nf3 44. Rh6 Kg5 45. Rh8 1-0